[Event "Mindsports Masters IM"]
[Site "London"]
[Date "2022.09.12"]
[Round "5.1"]
[White "Holland, James P"]
[Black "Large, Peter G"]
[Result "1/2-1/2"]
[WhiteElo "2247"]
[BlackElo "2298"]
[PlyCount "85"]
[EventDate "2022.09.09"]
[EventType "tourn"]
[EventRounds "9"]
[EventCountry "ENG"]
[SourceTitle "BritBase"]
[Source "John Saunders"]
[SourceDate "2022.12.07"]
[SourceVersion "1"]
[SourceVersionDate "2022.12.07"]
[SourceQuality "1"]

1. e4 e6 2. d4 d5 3. Nd2 Nc6 4. c3 e5 5. exd5 Qxd5 6. Ngf3 exd4 7. Bc4 Qh5 8.
O-O Nf6 9. Nxd4 Qxd1 10. Rxd1 Nxd4 11. cxd4 Be6 12. Re1 Kd7 13. Nf3 Bd6 14.
Ne5+ Bxe5 15. Bb5+ c6 16. dxe5 Nd5 17. Bd3 h6 18. f4 g6 19. Be4 h5 20. Be3 Nxe3
21. Rxe3 Rhd8 22. Kf2 Ke7 23. Rd3 Bc4 24. Rxd8 Rxd8 25. Ke3 Bd5 26. Rd1 Bxe4
27. Rxd8 Kxd8 28. Kxe4 Ke7 29. g3 Ke6 30. h3 f6 31. exf6 Kxf6 32. g4 h4 33. Kd4
b6 34. b4 Ke6 35. a4 Kd6 36. Kc4 Ke6 37. a5 Kd6 38. a6 Ke6 39. Kd4 Kf6 40. Kc4
Ke6 41. Kd4 Kf6 42. Ke4 Ke6 43. Kd4 1/2-1/2

[Event "Mindsports Masters IM"]
[Site "London"]
[Date "2022.09.12"]
[Round "5.2"]
[White "Schulze, Lara"]
[Black "Maycock Bates, David Henry"]
[Result "1-0"]
[WhiteElo "2288"]
[BlackElo "2253"]
[PlyCount "145"]
[EventDate "2022.09.09"]
[EventType "tourn"]
[EventRounds "9"]
[EventCountry "ENG"]
[SourceTitle "BritBase"]
[Source "John Saunders"]
[SourceDate "2022.12.07"]
[SourceVersion "1"]
[SourceVersionDate "2022.12.07"]
[SourceQuality "1"]

1. e4 e5 2. Nf3 Nc6 3. Bc4 Bc5 4. c3 Nf6 5. d4 exd4 6. cxd4 Bb4+ 7. Nbd2 d5 8.
exd5 Nxd5 9. O-O O-O 10. a3 Be7 11. Re1 h6 12. h3 b6 13. Ne4 Bb7 14. Ne5 Nf6
15. Ba6 Na5 16. Bxb7 Nxb7 17. Qf3 Nxe4 18. Nc6 Qd7 19. Nxe7+ Qxe7 20. Rxe4 Qd6
21. Bf4 Qf6 22. Bxc7 Qxf3 23. gxf3 Rac8 24. Re7 Rfe8 25. Rd7 Na5 26. Kf1 Nc4
27. b4 Kf8 28. a4 Re7 29. Rxe7 Kxe7 30. Bf4 a5 31. bxa5 Nxa5 32. Rb1 Rc4 33.
Be3 Rxa4 34. Rxb6 Nc4 35. Rb7+ Ke6 36. d5+ Kxd5 37. Rxf7 g5 38. Rf6 Ne5 39. Kg2
Rh4 40. f4 gxf4 41. Bxf4 Nd7 42. Rd6+ Kc5 43. Bg3 Rd4 44. Rxh6 Nb6 45. Rh8 Rd7
46. h4 Nd5 47. Be5 Ne7 48. Rh7 Kc6 49. h5 Nf5 50. Rxd7 Kxd7 51. Kf3 Ke6 52. Bb2
Nd6 53. Kg4 Kf7 54. f4 Nc4 55. Bd4 Nd6 56. Be5 Ne4 57. Kf3 Nd2+ 58. Ke3 Nf1+
59. Kf2 Nd2 60. Kg3 Kg8 61. Kg4 Kh7 62. Bf6 Nf1 63. Bg5 Ne3+ 64. Kf3 Nf5 65. h6
Nd6 66. Ke3 Kg6 67. Kd4 Kf5 68. Kd5 Nf7 69. Kc6 Ke6 70. Kc7 Kf5 71. Kd7 Kg6 72.
Ke7 Nh8 73. Kf8 1-0

[Event "Mindsports Masters IM"]
[Site "London"]
[Date "2022.09.12"]
[Round "5.3"]
[White "Johnson, Daniel"]
[Black "Bezuidenhout, Roland"]
[Result "0-1"]
[WhiteElo "2211"]
[BlackElo "2269"]
[PlyCount "90"]
[EventDate "2022.09.09"]
[EventType "tourn"]
[EventRounds "9"]
[EventCountry "ENG"]
[SourceTitle "BritBase"]
[Source "John Saunders"]
[SourceDate "2022.12.07"]
[SourceVersion "1"]
[SourceVersionDate "2022.12.07"]
[SourceQuality "1"]

1. d4 Nf6 2. c4 e6 3. Nc3 Bb4 4. Qc2 Nc6 5. Nf3 d6 6. Bd2 e5 7. d5 Bxc3 8. Bxc3
Ne7 9. e4 O-O 10. Nd2 Ng6 11. g3 c6 12. Bd3 Bh3 13. f3 a5 14. dxc6 bxc6 15. c5
d5 16. b3 Qe7 17. Bb2 Nd7 18. Rc1 f5 19. exd5 cxd5 20. c6 e4 21. Be2 Nde5 22.
Kd1 Bg2 23. Re1 e3 24. Rg1 exd2 25. Qxd2 Bh3 26. Qxd5+ Kh8 27. c7 Rac8 28. Qxa5
Qd7+ 29. Kc2 Rxc7+ 30. Kb1 Ra7 31. Qc3 f4 32. g4 h5 33. gxh5 Qf5+ 34. Ka1 Qxh5
35. a4 Rfa8 36. Qd4 Be6 37. h4 Bxb3 38. Rc8+ Kh7 39. Rxa8 Rxa8 40. Bb5 Qxf3 41.
h5 Qxh5 42. Qe4 Rd8 43. Be2 f3 44. Bxe5 Qxe5+ 45. Qxe5 Nxe5 0-1

[Event "Mindsports Masters IM"]
[Site "London"]
[Date "2022.09.12"]
[Round "5.4"]
[White "Dong Bao Nghia"]
[Black "Derakhshani, Borna"]
[Result "0-1"]
[WhiteElo "2294"]
[BlackElo "2367"]
[PlyCount "120"]
[EventDate "2022.09.09"]
[EventType "tourn"]
[EventRounds "9"]
[EventCountry "ENG"]
[SourceTitle "BritBase"]
[Source "John Saunders"]
[SourceDate "2022.12.07"]
[SourceVersion "1"]
[SourceVersionDate "2022.12.07"]
[SourceQuality "1"]

1. e4 c6 2. d4 d5 3. e5 Bf5 4. c4 e6 5. Nc3 Nd7 6. Nge2 Ne7 7. Ng3 Bg6 8. h4 h6
9. h5 Bh7 10. cxd5 Nxd5 11. a3 Qb6 12. Bc4 O-O-O 13. Na4 Qc7 14. Bd2 N5b6 15.
Be2 Nxa4 16. Qxa4 Kb8 17. Rh4 Be7 18. Rg4 g5 19. hxg6 Bxg6 20. Ba5 Nb6 21. Qb3
h5 22. Rxg6 fxg6 23. Qxe6 h4 24. Nf1 Rxd4 25. Qxg6 Ra4 26. Bd2 Nd5 27. Qg7 Rd8
28. Bf3 Nf4 29. Bc3 Nd3+ 30. Ke2 Nf4+ 31. Ke1 Ne6 32. Qg6 Nd4 33. e6 h3 34.
Bxd4 Raxd4 35. gxh3 Qa5+ 36. Ke2 Qb5+ 37. Ke1 Qa5+ 38. Ke2 Qb5+ 39. Ke1 Qxb2
40. Rb1 Qc3+ 41. Ke2 Qc4+ 42. Ke1 Qc3+ 43. Ke2 Qc4+ 44. Ke1 Bxa3 45. Ne3 Bb4+
46. Rxb4 Qxb4+ 47. Kf1 Rf4 48. Qg3 Ka8 49. e7 Re8 50. Bh5 Qb5+ 51. Be2 Qb1+ 52.
Kg2 Qe4+ 53. Kg1 Rxe7 54. Bh5 Rf8 55. h4 Qb1+ 56. Kg2 Qe4+ 57. Kg1 Qe5 58. Qg4
Qf4 59. Qxf4 Rxf4 60. Ng2 Rxh4 0-1

[Event "Mindsports Masters IM"]
[Site "London"]
[Date "2022.09.12"]
[Round "5.5"]
[White "Zapolskis, Antanas"]
[Black "Wadsworth, Matthew J"]
[Result "0-1"]
[WhiteElo "2257"]
[BlackElo "2423"]
[PlyCount "60"]
[EventDate "2022.09.09"]
[EventType "tourn"]
[EventRounds "9"]
[EventCountry "ENG"]
[SourceTitle "BritBase"]
[Source "John Saunders"]
[SourceDate "2022.12.07"]
[SourceVersion "1"]
[SourceVersionDate "2022.12.07"]
[SourceQuality "1"]

1. e4 c5 2. Nf3 e6 3. d4 cxd4 4. Nxd4 Nc6 5. Nc3 Qc7 6. g3 a6 7. Bg2 Nf6 8. Nb3
b5 9. O-O d6 10. Bg5 Be7 11. e5 dxe5 12. a4 b4 13. Qf3 Bb7 14. Bxf6 gxf6 15.
Ne4 f5 16. Nec5 e4 17. Qe3 Ne5 18. Nxb7 Qxb7 19. Kh1 Rc8 20. Rfc1 h5 21. h3 h4
22. g4 Nxg4 23. hxg4 h3 24. Bf3 exf3 25. gxf5 Qd5 26. fxe6 fxe6 27. Rg1 Rxc2
28. Rad1 Re2 29. Qa7 h2 30. Qb8+ Bd8 0-1

[Event "Mindsports Masters IM"]
[Site "London"]
[Date "2022.09.12"]
[Round "6.1"]
[White "Large, Peter G"]
[Black "Wadsworth, Matthew J"]
[Result "1/2-1/2"]
[WhiteElo "2298"]
[BlackElo "2423"]
[PlyCount "86"]
[EventDate "2022.09.09"]
[EventType "tourn"]
[EventRounds "9"]
[EventCountry "ENG"]
[SourceTitle "BritBase"]
[Source "John Saunders"]
[SourceDate "2022.12.07"]
[SourceVersion "1"]
[SourceVersionDate "2022.12.07"]
[SourceQuality "1"]

1. e3 d5 2. Nf3 Nf6 3. b3 Bg4 4. Bb2 Nbd7 5. d4 e6 6. Be2 c6 7. Nbd2 Qc7 8. c4
a5 9. a3 Bd6 10. h3 Bh5 11. O-O O-O 12. Qc2 Qb8 13. Rfe1 Rc8 14. e4 dxe4 15.
Nxe4 Nxe4 16. Qxe4 Bg6 17. Qe3 b5 18. Ne5 Bxe5 19. dxe5 bxc4 20. Bxc4 a4 21.
Rac1 axb3 22. Qxb3 Qxb3 23. Bxb3 Rab8 24. Re3 c5 25. Ba1 h5 26. Bc4 Nb6 27. Ba6
Rd8 28. Rec3 Ra8 29. Bb5 c4 30. Bxc4 Nxc4 31. Rxc4 Rxa3 32. Rc8 Rxc8 33. Rxc8+
Kh7 34. Rc1 Be4 35. Re1 Bd5 36. Bd4 Ra4 37. Bc5 Kg6 38. Kh2 Kf5 39. Bf8 g5 40.
Be7 Ra2 41. Kg1 g4 42. hxg4+ hxg4 43. Bh4 Be4 1/2-1/2

[Event "Mindsports Masters IM"]
[Site "London"]
[Date "2022.09.12"]
[Round "6.2"]
[White "Derakhshani, Borna"]
[Black "Zapolskis, Antanas"]
[Result "1-0"]
[WhiteElo "2367"]
[BlackElo "2257"]
[PlyCount "53"]
[EventDate "2022.09.09"]
[EventType "tourn"]
[EventRounds "9"]
[EventCountry "ENG"]
[SourceTitle "BritBase"]
[Source "John Saunders"]
[SourceDate "2022.12.07"]
[SourceVersion "1"]
[SourceVersionDate "2022.12.07"]
[SourceQuality "1"]

1. Nf3 b5 2. e4 a6 3. d4 Bb7 4. Bd3 e6 5. a4 b4 6. O-O d6 7. c3 c5 8. Qe2 cxd4
9. cxd4 Nf6 10. Nbd2 h6 11. Rd1 Nbd7 12. a5 g5 13. Nb3 Be7 14. Bd2 d5 15. e5
Ne4 16. Be1 Nf8 17. Nfd2 Ng6 18. Bxe4 Nf4 19. Qe3 dxe4 20. Nxe4 Qd5 21. f3 g4
22. Nbc5 Nxg2 23. Kxg2 gxf3+ 24. Qxf3 f5 25. Nf6+ Bxf6 26. Nxb7 Rg8+ 27. Bg3
1-0

[Event "Mindsports Masters IM"]
[Site "London"]
[Date "2022.09.12"]
[Round "6.3"]
[White "Bezuidenhout, Roland"]
[Black "Dong Bao Nghia"]
[Result "1-0"]
[WhiteElo "2269"]
[BlackElo "2294"]
[PlyCount "138"]
[EventDate "2022.09.09"]
[EventType "tourn"]
[EventRounds "9"]
[EventCountry "ENG"]
[SourceTitle "BritBase"]
[Source "John Saunders"]
[SourceDate "2022.12.07"]
[SourceVersion "1"]
[SourceVersionDate "2022.12.07"]
[SourceQuality "1"]

1. e4 e6 2. d4 d5 3. e5 c5 4. c3 Nc6 5. Nf3 Qb6 6. a3 c4 7. Nbd2 Na5 8. g3 Bd7
9. h4 Ne7 10. Bh3 h6 11. O-O O-O-O 12. Rb1 Qc7 13. Re1 Kb8 14. Qc2 Nc8 15. Nf1
Nb6 16. Bf4 Be7 17. Kg2 Rdg8 18. Bg4 g5 19. hxg5 hxg5 20. Bc1 Ba4 21. Qe2 Nd7
22. Ne3 Nf8 23. Bd2 Ng6 24. Rh1 Rxh1 25. Rxh1 Nf4+ 26. gxf4 gxf4 27. Ne1 fxe3
28. Bxe3 Qd8 29. Rh7 Be8 30. Kf1 Bg5 31. f4 f5 32. Bf3 Bg6 33. Rh3 Be7 34. Qh2
Nc6 35. Bf2 b5 36. Bh4 Bxh4 37. Rxh4 a5 38. Bh5 Rh8 39. Nf3 Bxh5 40. Rxh5 Rxh5
41. Qxh5 Qe7 42. Ng5 Kc7 43. Qh6 Kd7 44. Nh7 Nd8 45. Nf8+ Kc8 46. Qf6 Qe8 47.
Qg7 b4 48. axb4 axb4 49. cxb4 Nc6 50. b5 Nxd4 51. b6 Qc6 52. Qa7 Nb5 53. Qa6+
Kb8 54. Nxe6 d4 55. Kf2 c3 56. Nc7 c2 57. Nxb5 Qb7 58. Qa3 Qxb6 59. Qf8+ Kb7
60. Nd6+ Kc6 61. Qc8+ Qc7 62. Qa6+ Kd7 63. Qa4+ Qc6 64. Qa7+ Kd8 65. Qb8+ Kd7
66. Qe8+ Kc7 67. Qc8+ Kb6 68. Qb8+ Ka5 69. Qa7+ Kb4 1-0

[Event "Mindsports Masters IM"]
[Site "London"]
[Date "2022.09.12"]
[Round "6.4"]
[White "Maycock Bates, David Henry"]
[Black "Johnson, Daniel"]
[Result "1-0"]
[WhiteElo "2253"]
[BlackElo "2211"]
[PlyCount "77"]
[EventDate "2022.09.09"]
[EventType "tourn"]
[EventRounds "9"]
[EventCountry "ENG"]
[SourceTitle "BritBase"]
[Source "John Saunders"]
[SourceDate "2022.12.07"]
[SourceVersion "1"]
[SourceVersionDate "2022.12.07"]
[SourceQuality "1"]

1. e4 e5 2. Nf3 Nc6 3. Bb5 a6 4. Ba4 Nf6 5. O-O b5 6. Bb3 Bc5 7. a4 Rb8 8. c3
d6 9. d4 Bb6 10. a5 Ba7 11. h3 O-O 12. Be3 exd4 13. cxd4 Nxe4 14. Qc2 Qe8 15.
Nc3 Nf6 16. Rfe1 Qd7 17. Qd1 Nb4 18. Bg5 Qf5 19. g4 Nxg4 20. Ne4 Nh6 21. Ra3
Qxh3 22. Qd2 Qg4+ 23. Ng3 Bb7 24. Bd1 Bxf3 25. Re4 Qd7 26. Rxf3 Nd5 27. Bxh6 f5
28. Rh4 gxh6 29. Qxh6 Kh8 30. Bb3 Rf6 31. Qh5 c6 32. Bc2 Rbf8 33. Bxf5 Qg7 34.
Bxh7 Rxf3 35. Bf5+ Kg8 36. Be6+ R3f7 37. Rg4 Bxd4 38. Nf5 Nf4 39. Ne7# 1-0

[Event "Mindsports Masters IM"]
[Site "London"]
[Date "2022.09.12"]
[Round "6.5"]
[White "Holland, James P"]
[Black "Schulze, Lara"]
[Result "1-0"]
[WhiteElo "2247"]
[BlackElo "2288"]
[PlyCount "67"]
[EventDate "2022.09.09"]
[EventType "tourn"]
[EventRounds "9"]
[EventCountry "ENG"]
[SourceTitle "BritBase"]
[Source "John Saunders"]
[SourceDate "2022.12.07"]
[SourceVersion "1"]
[SourceVersionDate "2022.12.07"]
[SourceQuality "1"]

1. Nf3 d5 2. d4 Nf6 3. c4 e6 4. Nc3 a6 5. cxd5 exd5 6. Bg5 Be6 7. e3 Nbd7 8.
Ne5 h6 9. Bh4 Be7 10. Bd3 Nxe5 11. dxe5 Ng4 12. Bg3 Bh4 13. Qa4+ c6 14. Qd4
Bxg3 15. hxg3 c5 16. Qxc5 Nxe5 17. Rd1 Nxd3+ 18. Rxd3 Rc8 19. Qb4 Qe7 20. Rh4
Rc5 21. Qa4+ Bd7 22. Qd4 O-O 23. Nxd5 Qd6 24. Nf6+ Qxf6 25. Qxc5 Be6 26. Qd4
Qf5 27. a3 Rc8 28. Rc3 Re8 29. Qd1 a5 30. Kf1 Qb5+ 31. Qe2 Qf5 32. Rd4 b5 33.
Qd1 Bc4+ 34. Kg1 1-0

[Event "Mindsports Masters IM"]
[Site "London"]
[Date "2022.09.13"]
[Round "7.1"]
[White "Schulze, Lara"]
[Black "Large, Peter G"]
[Result "1/2-1/2"]
[WhiteElo "2288"]
[BlackElo "2298"]
[PlyCount "98"]
[EventDate "2022.09.09"]
[EventType "tourn"]
[EventRounds "9"]
[EventCountry "ENG"]
[SourceTitle "BritBase"]
[Source "John Saunders"]
[SourceDate "2022.12.07"]
[SourceVersion "1"]
[SourceVersionDate "2022.12.07"]
[SourceQuality "1"]

1. e4 e6 2. d4 d5 3. e5 c5 4. c3 Qb6 5. Nf3 Bd7 6. Be2 Bb5 7. dxc5 Bxc5 8. b4
Bxf2+ 9. Kf1 Bd7 10. c4 Nh6 11. Bxh6 gxh6 12. c5 Qxb4 13. Kxf2 Qxc5+ 14. Qd4
Qxd4+ 15. Nxd4 Nc6 16. Nf3 O-O 17. Nc3 f6 18. exf6 Rxf6 19. Rab1 b6 20. Rhe1
Nd4 21. Kg1 Nxf3+ 22. Bxf3 Rc8 23. Rbc1 Rf4 24. Ne2 Rfc4 25. h3 Kf8 26. Rxc4
Rxc4 27. Nc1 Rc2 28. Nb3 Kf7 29. Bg4 Rxa2 30. Nd4 Ra4 31. Nxe6 Re4 32. Rf1+ Ke7
33. Nc7 Bc6 34. Bf3 Re5 35. Na6 Kd6 36. Ra1 d4 37. Rd1 Bxf3 38. gxf3 Kd5 39.
Nb4+ Kc4 40. Nc6 Rd5 41. Nxa7 d3 42. Nc8 Kc3 43. Nxb6 Rb5 44. Rc1+ Kd2 45. Rc6
Ke2 46. Nc4 Rg5+ 47. Kh2 Kf2 48. Rd6 Rg2+ 49. Kh1 Rg1+ 1/2-1/2

[Event "Mindsports Masters IM"]
[Site "London"]
[Date "2022.09.13"]
[Round "7.2"]
[White "Johnson, Daniel"]
[Black "Holland, James P"]
[Result "0-1"]
[WhiteElo "2211"]
[BlackElo "2247"]
[PlyCount "134"]
[EventDate "2022.09.09"]
[EventType "tourn"]
[EventRounds "9"]
[EventCountry "ENG"]
[SourceTitle "BritBase"]
[Source "John Saunders"]
[SourceDate "2022.12.07"]
[SourceVersion "1"]
[SourceVersionDate "2022.12.07"]
[SourceQuality "1"]

1. d4 d5 2. Nc3 Nf6 3. Bf4 a6 4. e3 Bf5 5. f3 e6 6. g4 Bg6 7. h4 h5 8. g5 Nfd7
9. Bd3 Bxd3 10. Qxd3 c5 11. g6 f6 12. Nge2 Nc6 13. Bh2 Nb6 14. Nf4 Qd7 15.
O-O-O Bd6 16. dxc5 Bxc5 17. Ne4 dxe4 18. Qxe4 Qe7 19. Nxe6 Ne5 20. Qf5 Nbc4 21.
Bxe5 Bxe3+ 22. Kb1 fxe5 23. Nxg7+ Qxg7 24. Qe6+ Qe7 25. g7 Qxe6 26. gxh8=Q+ Ke7
27. Qg7+ Ke8 28. Rd3 Bh6 29. Qh8+ Bf8 30. Qxh5+ Qf7 31. Qg4 Rd8 32. Rhd1 Rxd3
33. Qc8+ Ke7 34. Rxd3 Nd6 35. Qc5 Qe6 36. h5 Kf7 37. Qc7+ Be7 38. a3 Kg7 39.
Rd1 Kh6 40. Qb8 Kxh5 41. Rg1 Bg5 42. Qh8+ Kg6 43. Rh1 Nf7 44. Qh7+ Kf6 45. Qg8
Qf5 46. Rh7 Qg6 47. Qxg6+ Kxg6 48. Rh1 Kf5 49. c4 Be3 50. Rh7 Kg6 51. Rh1 Ng5
52. Kc2 Nxf3 53. Kd3 Bf4 54. Ke4 Ng5+ 55. Kd5 e4 56. b4 e3 57. Kd4 Kf5 58. Kd3
Nf7 59. c5 Ne5+ 60. Ke2 Ke4 61. Rh8 Nc6 62. Re8+ Be5 63. a4 Nxb4 64. Re7 Nc6
65. Rxb7 Nd4+ 66. Kf1 e2+ 67. Kf2 Bg3+ 0-1

[Event "Mindsports Masters IM"]
[Site "London"]
[Date "2022.09.13"]
[Round "7.3"]
[White "Dong Bao Nghia"]
[Black "Maycock Bates, David Henry"]
[Result "1-0"]
[WhiteElo "2294"]
[BlackElo "2253"]
[PlyCount "73"]
[EventDate "2022.09.09"]
[EventType "tourn"]
[EventRounds "9"]
[EventCountry "ENG"]
[SourceTitle "BritBase"]
[Source "John Saunders"]
[SourceDate "2022.12.07"]
[SourceVersion "1"]
[SourceVersionDate "2022.12.07"]
[SourceQuality "1"]

1. Nf3 Nf6 2. g3 d5 3. d4 g6 4. c4 c6 5. Bg2 Bg7 6. O-O O-O 7. b3 Nbd7 8. cxd5
cxd5 9. Nc3 Nb6 10. Bf4 Bf5 11. Rc1 Nc8 12. Ne5 Nd6 13. Nxd5 Nxd5 14. Bxd5 Qa5
15. Bg2 Qxa2 16. f3 g5 17. Bxg5 f6 18. Bh4 fxe5 19. dxe5 Bxe5 20. Bxe7 Rfd8 21.
f4 Nf7 22. Bd5 Bb2 23. Rc7 Be6 24. Bxd8 Rxd8 25. Bxe6 Rxd1 26. Rxd1 Bd4+ 27.
Kf1 Qa6 28. Bxf7+ Kf8 29. Rd7 Bb6 30. Bc4 Qa3 31. R1d5 Qc1+ 32. Kg2 Qg1+ 33.
Kh3 Qf1+ 34. Kg4 Qb1 35. Rf5+ Ke8 36. Rxh7 Bd4 37. Bb5+ 1-0

[Event "Mindsports Masters IM"]
[Site "London"]
[Date "2022.09.13"]
[Round "7.4"]
[White "Zapolskis, Antanas"]
[Black "Bezuidenhout, Roland"]
[Result "0-1"]
[WhiteElo "2257"]
[BlackElo "2269"]
[PlyCount "62"]
[EventDate "2022.09.09"]
[EventType "tourn"]
[EventRounds "9"]
[EventCountry "ENG"]
[SourceTitle "BritBase"]
[Source "John Saunders"]
[SourceDate "2022.12.07"]
[SourceVersion "1"]
[SourceVersionDate "2022.12.07"]
[SourceQuality "1"]

1. e4 d6 2. d4 Nf6 3. Nc3 e5 4. dxe5 dxe5 5. Qxd8+ Kxd8 6. Bg5 Be6 7. O-O-O+
Nbd7 8. f4 exf4 9. Bxf4 Ng4 10. Nh3 Bc5 11. Be2 Ne3 12. Rd3 Nxg2 13. Bd2 h6 14.
Rg3 Nh4 15. Nf4 g5 16. Nxe6+ fxe6 17. Nb5 a6 18. Bc3 Rf8 19. Rd1 axb5 20. Rgd3
Rf7 21. Bh5 Rh7 22. Bf6+ Kc8 23. Bg4 Ra6 24. e5 Ng2 25. h4 Nf4 26. Rb3 Nxf6 27.
exf6 b4 28. c3 bxc3 29. Rxc3 Bd6 30. Rh1 gxh4 31. Rxh4 Be5 0-1

[Event "Mindsports Masters IM"]
[Site "London"]
[Date "2022.09.13"]
[Round "8.1"]
[White "Large, Peter G"]
[Black "Derakhshani, Borna"]
[Result "1/2-1/2"]
[WhiteElo "2298"]
[BlackElo "2367"]
[PlyCount "85"]
[EventDate "2022.09.09"]
[EventType "tourn"]
[EventRounds "9"]
[EventCountry "ENG"]
[SourceTitle "BritBase"]
[Source "John Saunders"]
[SourceDate "2022.12.07"]
[SourceVersion "1"]
[SourceVersionDate "2022.12.07"]
[SourceQuality "1"]

1. e4 c6 2. d4 d5 3. exd5 cxd5 4. c4 Nf6 5. Nc3 Nc6 6. Bg5 Be6 7. Nf3 g6 8.
Bxf6 exf6 9. cxd5 Bxd5 10. Bb5 Bg7 11. Qe2+ Kf8 12. Nxd5 Qxd5 13. O-O Re8 14.
Bxc6 Qxc6 15. Qd2 Qd6 16. Rfe1 Rd8 17. Qa5 a6 18. Rac1 Bh6 19. Rc7 b6 20. Qc3
Kg7 21. Ree7 Rhf8 22. Qc4 Qd5 23. Qxd5 Rxd5 24. g3 Ra5 25. a3 Rb5 26. Re2 Rd8
27. Kg2 a5 28. h4 Kg8 29. Ree7 Rf8 30. Re2 Rd8 31. Rc4 Bf8 32. Rec2 h5 33. Ng1
Bg7 34. Rc8 Rxc8 35. Rxc8+ Kh7 36. Rc2 f5 37. Nf3 Bf6 38. Kf1 Kg7 39. Ke2 Kf8
40. Kd3 Rb3+ 41. Ke2 Rb5 42. Kd3 Rb3+ 43. Ke2 1/2-1/2

[Event "Mindsports Masters IM"]
[Site "London"]
[Date "2022.09.13"]
[Round "8.2"]
[White "Bezuidenhout, Roland"]
[Black "Wadsworth, Matthew J"]
[Result "0-1"]
[WhiteElo "2269"]
[BlackElo "2423"]
[PlyCount "100"]
[EventDate "2022.09.09"]
[EventType "tourn"]
[EventRounds "9"]
[EventCountry "ENG"]
[SourceTitle "BritBase"]
[Source "John Saunders"]
[SourceDate "2022.12.07"]
[SourceVersion "1"]
[SourceVersionDate "2022.12.07"]
[SourceQuality "1"]

1. e4 c5 2. Nf3 e6 3. g3 Nc6 4. Bg2 Nf6 5. Qe2 Be7 6. e5 Nd5 7. c4 Ndb4 8. d3
d5 9. a3 Na6 10. O-O Nc7 11. Nc3 O-O 12. Rd1 f6 13. Bf4 d4 14. exf6 gxf6 15.
Ne4 e5 16. Bh6 Rf7 17. Ned2 Bg4 18. h3 Bh5 19. g4 Bg6 20. Nh4 Bf8 21. Bxf8 Qxf8
22. Nxg6 hxg6 23. Bxc6 bxc6 24. Qe4 Qh6 25. Qxc6 Qxh3 26. Qg2 Qxg2+ 27. Kxg2
Ne6 28. Ne4 f5 29. gxf5 gxf5 30. Nd6 Nf4+ 31. Kf3 Rf6 32. Rg1+ Kf8 33. Rh1 Ke7
34. Nb5 Nxd3 35. Rh7+ Rf7 36. Rah1 e4+ 37. Ke2 Nf4+ 38. Kd2 a6 39. Na7 Rxh7 40.
Rxh7+ Kf6 41. b4 Rg8 42. Rh6+ Kg5 43. Rh1 Ra8 44. Nc6 Nd3 45. bxc5 Nxc5 46. Ne7
Rb8 47. Kc2 Nd3 48. Rg1+ Kf4 49. Nd5+ Kf3 50. Rg3+ Ke2 0-1

[Event "Mindsports Masters IM"]
[Site "London"]
[Date "2022.09.13"]
[Round "8.3"]
[White "Maycock Bates, David Henry"]
[Black "Zapolskis, Antanas"]
[Result "1-0"]
[WhiteElo "2253"]
[BlackElo "2257"]
[PlyCount "62"]
[EventDate "2022.09.09"]
[EventType "tourn"]
[EventRounds "9"]
[EventCountry "ENG"]
[SourceTitle "BritBase"]
[Source "John Saunders"]
[SourceDate "2022.12.07"]
[SourceVersion "1"]
[SourceVersionDate "2022.12.07"]
[SourceQuality "1"]

1. e4 c5 2. Nf3 Nc6 3. d4 cxd4 4. Nxd4 Nf6 5. Nc3 e5 6. Ndb5 d6 7. Bg5 a6 8.
Na3 b5 9. Nd5 Qa5+ 10. Bd2 Qd8 11. Be3 Nxd5 12. exd5 Ne7 13. c4 Nf5 14. Bd2
bxc4 15. Nxc4 a5 16. Bd3 g6 17. O-O Be7 18. Qe1 Ba6 19. Bxa5 Qb8 20. Bc3 O-O
21. Qe2 Qa7 22. Na5 Bxd3 23. Qxd3 Bd8 24. Nc6 Qa4 25. Rfe1 Qh4 26. Re4 Qg5 27.
Qd2 Qh5 28. Qe2 Qh6 29. a4 Nh4 30. Nxd8 Raxd8 31. Bd2 g5 1-0

[Event "Mindsports Masters IM"]
[Site "London"]
[Date "2022.09.13"]
[Round "8.4"]
[White "Holland, James P"]
[Black "Dong Bao Nghia"]
[Result "1/2-1/2"]
[WhiteElo "2247"]
[BlackElo "2294"]
[PlyCount "180"]
[EventDate "2022.09.09"]
[EventType "tourn"]
[EventRounds "9"]
[EventCountry "ENG"]
[SourceTitle "BritBase"]
[Source "John Saunders"]
[SourceDate "2022.12.07"]
[SourceVersion "1"]
[SourceVersionDate "2022.12.07"]
[SourceQuality "1"]

1. e4 e6 2. d4 d5 3. Nd2 c5 4. Ngf3 cxd4 5. Nxd4 Nc6 6. Bb5 Bd7 7. Nxc6 bxc6 8.
Bd3 Bd6 9. Qe2 e5 10. exd5 cxd5 11. c4 Nf6 12. cxd5 O-O 13. O-O Bg4 14. f3 Bh5
15. Nc4 Bc5+ 16. Be3 Qxd5 17. Bxc5 Qxc5+ 18. Qf2 Qc7 19. Rac1 Rad8 20. Rfe1
Rxd3 21. Nxe5 Qd6 22. Nxd3 Qxd3 23. Qxa7 h6 24. b4 Rd8 25. Rcd1 Qxd1 26. Rxd1
Rxd1+ 27. Kf2 Rd2+ 28. Ke3 Rxg2 29. Qa8+ Kh7 30. b5 Rb2 31. Qa3 Rxh2 32. Kd4
Rh3 33. b6 Bxf3 34. Qd3+ g6 35. Ke5 Bg4 36. Qc4 Be6 37. Qc7 Nd7+ 38. Kd6 Nxb6
39. Qxb6 Bxa2 40. Ke7 Be6 41. Qd4 g5 42. Qe4+ Kg7 43. Qe5+ Kg6 44. Qe4+ Kh5 45.
Kf6 g4 46. Qe5+ Kh4 47. Qe1+ g3 48. Qb4+ Bg4 49. Qd2 g2 50. Qxg2 Rf3+ 51. Ke5
Rf5+ 52. Kd4 h5 53. Qh2+ Kg5 54. Qd2+ Kg6 55. Qh2 f6 56. Ke3 Kg5 57. Qc7 Rf3+
58. Kd4 Bf5 59. Qc1+ Kg6 60. Qg1+ Kf7 61. Qh2 Rd3+ 62. Kc4 Kg6 63. Qg1+ Kh7 64.
Qf2 Kg6 65. Qg1+ Kf7 66. Qf2 Bg6 67. Qa7+ Kf8 68. Qc5+ Ke8 69. Qc8+ Ke7 70.
Qc7+ Rd7 71. Qc5+ Kf7 72. Qf2 Re7 73. Kd5 Re5+ 74. Kd6 Re4 75. Qa7+ Kf8 76.
Qb8+ Kg7 77. Qc7+ Bf7 78. Qc2 f5 79. Qg2+ Bg6 80. Qb2+ Kh7 81. Qb7+ Kh6 82. Qb8
h4 83. Qh8+ Bh7 84. Qf6+ Kh5 85. Qg7 Bg6 86. Qh8+ Kg4 87. Qg8 Kg5 88. Qd8+ Kh6
89. Qh8+ Bh7 90. Qf6+ Bg6 1/2-1/2

[Event "Mindsports Masters IM"]
[Site "London"]
[Date "2022.09.13"]
[Round "8.5"]
[White "Schulze, Lara"]
[Black "Johnson, Daniel"]
[Result "1/2-1/2"]
[WhiteElo "2288"]
[BlackElo "2211"]
[PlyCount "53"]
[EventDate "2022.09.09"]
[EventType "tourn"]
[EventRounds "9"]
[EventCountry "ENG"]
[SourceTitle "BritBase"]
[Source "John Saunders"]
[SourceDate "2022.12.07"]
[SourceVersion "1"]
[SourceVersionDate "2022.12.07"]
[SourceQuality "1"]

1. e4 e5 2. Nf3 Nc6 3. Bc4 Bc5 4. c3 Nf6 5. d4 exd4 6. cxd4 Bb4+ 7. Nbd2 Nxe4
8. d5 Ne7 9. O-O Nxd2 10. Nxd2 O-O 11. a3 Ba5 12. d6 cxd6 13. Ne4 d5 14. Bxd5
Nxd5 15. Qxd5 d6 16. Bg5 Be6 17. Bxd8 Bxd5 18. Nf6+ gxf6 19. Bxa5 Bb3 20. Rac1
Rac8 21. Rc3 Rxc3 22. Bxc3 Re8 23. Bxf6 Re6 24. Bc3 f5 25. f3 b5 26. Bd4 a5 27.
Bc3 1/2-1/2